Ministry of Justice (Record no. 120660)

MARC details
000 -LEADER
fixed length control field 01245cai a22001815a 4500
001 - CONTROL NUMBER
control field L143251
008 - FIXED-LENGTH DATA ELEMENTS--GENERAL INFORMATION
fixed length control field 080421u xxk g 000 0 eng d
035 ## - SYSTEM CONTROL NUMBER
System control number (Sirsi) u143251
041 0# - LANGUAGE CODE
Language code of text/sound track or separate title eng
110 1# - MAIN ENTRY--CORPORATE NAME
Corporate name or jurisdiction name as entry element United Kingdom
Subordinate unit Ministry of Justice
9 (RLIN) 5477
245 00 - TITLE STATEMENT
Title Ministry of Justice
Medium [electronic resource]
520 ## - SUMMARY, ETC.
Summary, etc. Details the work of this government department with jurisdiction over the legal system in England and Wales. Includes guides to both civil and criminal procedure rules as well as to courts and their procedures, including the technology and construction court. Also offers downloads including consultation papers, statistics, current Bills and recent Acts, corporate information, policy reports and research. Includes a news section and offers a point of contact for information on courts, the justice system, human rights, information rights, law and policy regarding elections and the constitution, as well as information on prisons and probation.
590 ## - LOCAL NOTE (RLIN)
Local note KA
651 #4 - SUBJECT ADDED ENTRY--GEOGRAPHIC NAME
Geographic name England and Wales
Chronological subdivision 1543-
690 ## - LOCAL SUBJECT ADDED ENTRY--TOPICAL TERM (OCLC, RLIN)
Topical term or geographic name as entry element MANAGEMENT-DISPUTE AVOIDANCE, MANAGEMENT AND RESOLUTION-DISPUTE MANAGEMENT AND RESOLUTION
856 40 - ELECTRONIC LOCATION AND ACCESS
Uniform Resource Identifier <a href="https://www.justice.gov.uk">https://www.justice.gov.uk</a>
Public note View the website free of charge at www.justice.gov.uk...
942 ## - ADDED ENTRY ELEMENTS (KOHA)
Suppress in OPAC 0
Holdings
Withdrawn status Lost status Source of classification or shelving scheme Damaged status Not for loan Home library Current library Shelving location Date acquired Total Checkouts Full call number Barcode Date last seen Copy number Price effective from Koha item type
    Dewey Decimal Classification     Virtual Virtual Online 21/04/2008   ONLINE PUBLICATION 143251-1001 06/08/2019 1 06/08/2019 Online material